000 00473cam a2200205ua 4500
001 10110
008 170331n ii |||gr||||Z||||||asm
020 _a9789382030836
040 _cMAIN
041 _aasm
082 _a330.954
100 _aAhmed, Rofique,
_eAuthor.
245 _aBharatiya arthaniti
_cBy Rofique Ahmed
250 _a1st ed.
260 _aJorhat:
_bUnika,
_c2015.
300 _a500p.
653 _aEconomics
653 _aIndian economy
942 _cBK
999 _c9109
_d9109